Normal view MARC view

Entry Personal Name

Number of records used in: 1

001 - CONTROL NUMBER

  • control field: 10236

003 - CONTROL NUMBER IDENTIFIER

  • control field: DLC

005 - DATE AND TIME OF LATEST TRANSACTION

  • control field: 20231229142358.0

008 - FIXED-LENGTH DATA ELEMENTS

  • fixed length control field: 820315n| azannaabn |a aaa

010 ## - LIBRARY OF CONGRESS CONTROL NUMBER

  • LC control number: n 82033477
  • Canceled/invalid LC control number: n 2020054653

016 ## - NATIONAL BIBLIOGRAPHIC AGENCY CONTROL NUMBER

  • Record control number: 1030J0734E

035 ## - SYSTEM CONTROL NUMBER

  • System control number: (CaEvSKY)skya1802443

035 ## - SYSTEM CONTROL NUMBER

  • System control number: (OCoLC)oca00730570

040 ## - CATALOGING SOURCE

  • Original cataloging agency: DLC
  • Language of cataloging: eng
  • Description conventions: rda
  • Transcribing agency: DLC
  • Modifying agency: OCoLC
  • Modifying agency: DNLM
  • Modifying agency: DLC
  • Modifying agency: MX-SlUA
  • Modifying agency: CaOONL
  • Modifying agency: DLC

042 ## - AUTHENTICATION CODE

  • Authentication code: nlc

100 1# - HEADING--PERSONAL NAME

  • Personal name: Goyal, Megh R.

372 ## - FIELD OF ACTIVITY

  • Field of activity: Biomedical engineering
  • Source of term: lcsh

373 ## - ASSOCIATED GROUP

  • Associated group: University of Puerto Rico (Mayagüez Campus)
  • Source of term: naf

374 ## - OCCUPATION

  • Occupation: College teachers
  • Source of term: lcsh

375 ## - GENDER

  • Gender: Males
  • Source of term: lcdgt

400 1# - SEE FROM TRACING--PERSONAL NAME

  • Control subfield: nne
  • Personal name: Goyal, Megh Raj

400 1# - SEE FROM TRACING--PERSONAL NAME

  • Control subfield: nne
  • Personal name: Goyal, Megh R.
  • Fuller form of name: (Megh Raj)

670 ## - SOURCE DATA FOUND

  • Source citation: His Bibliography--drip/trickle irrigation, 1981:
  • Information found: t.p. (Megh Raj Goyal, Ph.D., P.E., project leader drip irrigation project, Agricultural Experiment Station, Univ. of Puerto Rico) verso of t.p. (Megh R. Goyal)

670 ## - SOURCE DATA FOUND

  • Source citation: Food process engineering, emerging trends in research and their applications, 2017:
  • Information found: ECIP t.p. (Megh R. Goyal, PhD, PE) data view (retired professor in Agricultural and Biomedical Engineering, University of Puerto Rico)

670 ## - SOURCE DATA FOUND

  • Source citation: Technological interventions in dairy science: Innovative approaches in processing, preservation, and analysis of milk products, 2018:
  • Information found: title page (Megh R. Goyal) back cover (Megh R. Goyal, PhD, PE, is a Retired Professor in Agricultural and Biomedical Engineering from the General Engineering Department in the College of Engineering at the University of Puerto Rico-Mayaguez Campus)

670 ## - SOURCE DATA FOUND

  • Source citation: Plant-based functional foods and phytochemicals, 2021:
  • Information found: ECIP title page (Megh R. Goyal, PhD)

Powered by Koha